Un marido para mamá (Registro nro. 57366)

Detalles MARC
000 -CABECERA
Longitud fija campo de control 01556nam a2200409 i 4500
003 - • IDENTIFICADOR DELl NÚMERO DE CONTROL
Identificador del número de control CO-BoRNBP
005 - • FECHA Y HORA DE LA ÚLTIMA TRANSACCIÓN
Fecha y hora de la última transacción 20250620164344.0
007 - • CAMPO FIJO DE DESCRIPCIÓN FÍSICA
Campo fijo de descripción física ta
008 - • CÓDIGOS DE INFORMACIÓN DE LONGITUD FIJA
Códigos de información de longitud fija 161108s2008 ck a cr 000 f spa d
020 ## - • NÚMERO INTERNACIONAL NORMALIZADO PARA LIBROS
Número Internacional Normalizado para Libros (ISBN) 9789580423829
040 ## - FUENTE DE LA CATALOGACIÓN
Centro catalogador de origen CO-BoRNBP
Lengua de catalogación spa
Normas de descripción rda
Centro transcriptor CO-BoRNBP
041 1# - • CÓDIGO DE LENGUA
Código de lengua del texto/banda sonora o título independiente spa
Código de lengua original ger
043 ## - CÓDIGO DE ÁREA GEOGRÁFICA
Código de área geográfica e-au---
084 ## - • Clasificación Local Alfanúmerica PNLB
Número de clasificación N NOS1
100 1# - • PUNTO DE ACCESO PRINCIPAL-NOMBRE DE PERSONA
Nombre de persona Nöstlinger, Christina,
Fechas asociadas al nombre 1936-
Término indicativo de función autora
245 10 - • TITULO PROPIAMENTE DICHO
Título Un marido para mamá
Mención de responsabilidad, etc. Christine Nöstlinger ; traducción de Felipe Lanchas González y Martha Antonieta Nalus Fuentes ; ilustraciones de Neftalí Vanegas
250 ## - • MENCIÓN DE EDICIÓN
Mención de edición Primera edición
264 #1 - PRODUCCIÓN, PUBLICACIÓN , DISTRIBUCIÓN, FABRICACIÓN Y COPYRIGHT
Lugar de producción, publicación, distribución, fabricación Bogotá, Colombia
Nombre del productor, editor, distribuidor, fabricante Grupo Editorial Norma
Fecha de de producción, publicación, distribución, fabricación o copyright 2008
300 ## - • DESCRIPCIÓN FÍSICA
Extensión 184 páginas
Otras características físicas ilustraciones en blanco y negro
Dimensiones 20 cm
336 ## - TIPO DE CONTENIDO
Término de tipo de contenido texto
Código de tipo de contenido txt
Fuente rdacontent
337 ## - TIPO DE MEDIO
Nombre del tipo de medio sin mediación
Código del tipo de medio n
Fuente rdamedia
338 ## - TIPO DE SOPORTE
Nombre del tipo de soporte volumen
Código del tipo de soporte nc
Fuente rdacarrier
490 0# - • MENCIÓN DE SERIE
Mención de serie Torre de papel
520 ## - • NOTA DE RESUMEN
Resumen, etc, Recomendado para un público infantil mayor de 10 años.
534 ## - • Nota De Versión Original
Título Ein mann fur mama
586 ## - • NOTA DE PREMIOS
Nota de premios Premio Hans Christian Andersen, 1984.
650 04 - • PUNTO DE ACCESO ADICIONAL DE MATERIA - TÉRMINO DE MATERIA
Término de materia o nombre geográfico como elemento inicial Autores austriacos
Fuente del encabezamiento o término LEMB
650 07 - • PUNTO DE ACCESO ADICIONAL DE MATERIA - TÉRMINO DE MATERIA
Término de materia o nombre geográfico como elemento inicial Madres e hijos en la literatura
Fuente del encabezamiento o término LEMB
650 00 - • PUNTO DE ACCESO ADICIONAL DE MATERIA - TÉRMINO DE MATERIA
Término de materia o nombre geográfico como elemento inicial Novela infantil Austriaca
Subdivisión cronológica Siglo XX
Fuente del encabezamiento o término LEMB
650 00 - • PUNTO DE ACCESO ADICIONAL DE MATERIA - TÉRMINO DE MATERIA
Término de materia o nombre geográfico como elemento inicial Literatura juvenil austriaca
Subdivisión cronológica Siglo XX
Fuente del encabezamiento o término LEMB
650 00 - • PUNTO DE ACCESO ADICIONAL DE MATERIA - TÉRMINO DE MATERIA
Término de materia o nombre geográfico como elemento inicial Familia en la litaratura
Fuente del encabezamiento o término LEMB
700 1# - • PUNTO DE ACCESO ADICIONAL - NOMBRE DE PERSONA
Nombre de persona Nalus Fuentes, Martha Antonieta
Término indicativo de función traductora
700 1# - • PUNTO DE ACCESO ADICIONAL - NOMBRE DE PERSONA
Nombre de persona Vanegas, Neftalí
Término indicativo de función ilustrador
700 1# - • PUNTO DE ACCESO ADICIONAL - NOMBRE DE PERSONA
Nombre de persona Lanchas González, Felipe
Término indicativo de función traductor
942 ## - ENTRADA DE ELEMENTOS AGREGADOS (KOHA)
Fuente de clasificaión o esquema
Koha [por defecto] tipo de item Literatura Infantil
Existencias
Perdido Fuente de clasificación o esquema Estado Físico No para préstamo Forma de adquisición Localización permanente Localización actual Localización en estanterías Fecha adquisición Préstamos totales Signatura completa Código de barras Fecha última consulta Número de copia Fecha del precio de reemplazo Tipo de item de Koha Renovaciones totales Prestado Fecha último préstamo
  Dewey Decimal Classification     Colección General Biblioteca Pública Puerto López - Jorge Eliecer Gaitán Biblioteca Pública Puerto López - Jorge Eliecer Gaitán General 10/22/2025   N NOS1 PLZ03649 10/22/2025 Ej.1 10/22/2025 Libro Literatura      
  Dewey Decimal Classification     Infantil Biblioteca Pública La Macarena Biblioteca Pública La Macarena Sala Infantil 06/20/2025   20/06/2025 LM02204 06/20/2025 Ej.1 06/20/2025 Literatura Infantil      
  Clasificación Local Facetada     Literatura General Biblioteca Pública San Juanito - Ernesto Maria Peña Romero Biblioteca Pública San Juanito - Ernesto Maria Peña Romero Literatura 02/17/2026 1 N NOS1 SJU02588 03/11/2026 Ej.1 02/17/2026 Literatura Infantil 2 04/22/2026 03/11/2026









Instituto Departamental de Cultura del Meta - Red Departamental de Bibliotecas Públicas del Meta.